<The> Labour Force Migration Impact on Countries with Different Economic Development Level

Analýza vplyvu procesov migrácie pracovných síl na ekonomiky jednotlivých krajín. Vplyv migrácie pracovných síl na rôzne úrovne ekonomík závisí od úrovne rozvoja krajiny. Čím menej je ekonomika rozvinutá, tým viac probémovy spôsobujú migračné (emigračné) procesy. Naopak, čím viac je rozvinutá ekonom...

Ausführliche Beschreibung

Gespeichert in:
Bibliographische Detailangaben
1. Verfasser: Žukauskiené, Joana
Weitere Verfasser: Navickas, Valentinas
Format: Buchkapitel
Sprache:Englisch
Schlagworte:
Tags: Tag hinzufügen
Keine Tags, Fügen Sie das erste Tag hinzu!

MARC

LEADER 00000nla a2200000 4500
001 0248080
005 20250730115417.1
041 0 |a eng 
044 |a SK 
245 1 0 |a <The> Labour Force Migration Impact on Countries with Different Economic Development Level  |c Joana Žukauskiené, Valentinas Navickas 
520 |a Analýza vplyvu procesov migrácie pracovných síl na ekonomiky jednotlivých krajín. Vplyv migrácie pracovných síl na rôzne úrovne ekonomík závisí od úrovne rozvoja krajiny. Čím menej je ekonomika rozvinutá, tým viac probémovy spôsobujú migračné (emigračné) procesy. Naopak, čím viac je rozvinutá ekonomika krajiny, tým viac sa zvyšuje pozitívny vplyv je proces migrácie (prisťahovalectvo). Zvýšenie populácie naznačuje a pokles miery nezamestnanosti a nižšia miera nezamestnanosti. 
610 2 0 |a pohyb síl pracovných medzinárodný 
610 2 0 |a trh práce 
610 2 0 |a migrácia 
610 2 0 |a miera nezamestnanosti 
610 2 0 |a rozvoj hospodársky 
100 1 |a Žukauskiené, Joana 
700 1 |a Navickas, Valentinas